[Event "Titled Tuesday intern op 6th Aug"]
[Site "Chess.com INT"]
[Date "2019.08.06"]
[Round "7"]
[White "Petrov, Marian"]
[Black "Goncalves, Ivan Mesquita V"]
[Result "1-0"]
[WhiteElo "2449"]
[BlackElo "2237"]
[PlyCount "61"]
[EventDate "2019.08.06"]
[EventType "swiss (blitz)"]
[EventRounds "10"]
[EventCountry "USA"]
[SourceTitle "EXT 2021"]
[Source "ChessBase"]
[SourceDate "2020.10.23"]
[SourceVersion "1"]
[SourceVersionDate "2020.10.23"]
[SourceQuality "1"]

1. e4 e5 2. Nc3 Nf6 3. g3 Nc6 4. Bg2 Bc5 5. Nge2 d6 6. 0-0 a6 7. h3 h5 8. d3 h4 9. g4 Nxg4 10. hxg4 Bxg4 11. Kh2 h3 12. Bh1 Nd4 13. f3 Be6 14. Nxd4 Bxd4 15. Qe1 Qf6 16. Be3 c5 17. Bxd4 cxd4 18. Ne2 Rc8 19. c3 dxc3 20. bxc3 d5 21. f4 d4 22. c4 b5 23. Qg3 bxc4 24. fxe5 Qd8 25. Qxg7 Rf8 26. Nf4 cxd3 27. Nxe6 Rc2+ 28. Kxh3 Rh2+ 29. Kxh2 Qh4+ 30. Kg1 Rh8 31. Qxf7# 1-0

[Event "Titled Tuesday intern op 6th Aug"]
[Site "Chess.com INT"]
[Date "2019.08.06"]
[Round "1"]
[White "Sztokbant, Bernardo Vainzoff"]
[Black "Goncalves, Ivan Mesquita V"]
[Result "0-1"]
[WhiteElo "2175"]
[BlackElo "2237"]
[PlyCount "90"]
[EventDate "2019.08.06"]
[EventType "swiss (blitz)"]
[EventRounds "10"]
[EventCountry "USA"]
[SourceTitle "EXT 2021"]
[Source "ChessBase"]
[SourceDate "2020.10.23"]
[SourceVersion "1"]
[SourceVersionDate "2020.10.23"]
[SourceQuality "1"]

1. e4 e5 2. Nf3 Nc6 3. Bc4 Bc5 4. 0-0 Nf6 5. d3 d6 6. c3 a5 7. Re1 0-0 8. h3 h6 9. Nbd2 Qe7 10. Nf1 Be6 11. Ng3 Bxc4 12. dxc4 Qe6 13. Qe2 Ne7 14. b3 Kh7 15. Be3 Bxe3 16. Qxe3 a4 17. Nd2 Nd7 18. b4 b6 19. Qd3 g6 20. Ndf1 f5 21. exf5 Nxf5 22. Ne4 Rf7 23. Nh2 Raf8 24. Nf3 Kg7 25. Rad1 Nf6 26. Nxf6 Qxf6 27. Nd2 g5 28. Ne4 Qg6 29. c5 bxc5 30. bxc5 Rd8 31. Qc4 Nh4 32. cxd6 cxd6 33. Qd5 g4 34. Nxd6 Nf3+ 35. Kh1 Nxe1 36. Qxe5+ Kh7 37. Nxf7 Rf8 38. Rxe1 gxh3 39. gxh3 Rxf7 40. Qe4 Rxf2 41. Qxg6+ Kxg6 42. Rg1+ Kf5 43. Rg2 Rf3 44. Rg4 Rxh3+ 45. Kg2 Kxg4 0-1

[Event "Brazil AXPG op 1st"]
[Site "Ponta Grossa"]
[Date "2017.10.29"]
[Round "6"]
[White "Goncalves, Ivan Mesquita V"]
[Black "Moyses Sobrinho, Elias"]
[Result "1-0"]
[WhiteElo "2242"]
[BlackElo "1868"]
[PlyCount "81"]
[EventDate "2017.10.26"]
[EventType "swiss"]
[EventRounds "7"]
[EventCountry "BRA"]
[SourceTitle "CBM 181 Extra"]
[Source "ChessBase"]
[SourceDate "2017.12.12"]
[SourceVersion "1"]
[SourceVersionDate "2017.12.12"]
[SourceQuality "1"]

1. Nf3 Nf6 2. c4 d5 3. cxd5 Nxd5 4. e4 Nf6 5. Nc3 c5 6. d4 cxd4 7. Qxd4 Qxd4 8. Nxd4 e5 9. Ndb5 Na6 10. Bg5 Be7 11. Bxf6 Bxf6 12. Nd6+ Ke7 13. Nxc8+ Raxc8 14. Bxa6 bxa6 15. 0-0-0 Ke6 16. Kb1 Rhd8 17. Rxd8 Rxd8 18. Rd1 Rxd1+ 19. Nxd1 Kd6 20. Kc2 Kc5 21. Kd3 Bg5 22. Nc3 a5 23. Nd5 a4 24. a3 Bc1 25. Nc3 a5 26. Nxa4+ Kb5 27. Nc3+ Kc5 28. Kc2 Bf4 29. g3 Bg5 30. Ne2 g6 31. Kc3 Be7 32. Nc1 f6 33. a4 Bd8 34. Nd3+ Kc6 35. Kc4 Bb6 36. f3 h5 37. h3 g5 38. g4 hxg4 39. hxg4 Bd4 40. b4 axb4 41. Nxb4+ 1-0

[Event "Brazil AXPG op 1st"]
[Site "Ponta Grossa"]
[Date "2017.10.29"]
[Round "7"]
[White "Tomiello, Lucas Costamilan"]
[Black "Goncalves, Ivan Mesquita V"]
[Result "0-1"]
[WhiteElo "1751"]
[BlackElo "2242"]
[PlyCount "110"]
[EventDate "2017.10.26"]
[EventType "swiss"]
[EventRounds "7"]
[EventCountry "BRA"]
[SourceTitle "CBM 181 Extra"]
[Source "ChessBase"]
[SourceDate "2017.12.12"]
[SourceVersion "1"]
[SourceVersionDate "2017.12.12"]
[SourceQuality "1"]

1. e4 c5 2. Nf3 e6 3. d4 cxd4 4. Nxd4 Nc6 5. Nc3 Qc7 6. Be3 Nf6 7. Bd3 a6 8. 0-0 Nxd4 9. Bxd4 Bc5 10. Bxc5 Qxc5 11. Qe2 d6 12. Rad1 e5 13. h3 Be6 14. Rd2 Ke7 15. Nd1 b5 16. Ne3 Rac8 17. a4 bxa4 18. Ra1 Rb8 19. Rxa4 Rxb2 20. Rxa6 Rd8 21. Kh2 Rd7 22. Rd1 Rb6 23. Ra4 Rb4 24. Rxb4 Qxb4 25. c4 Ra7 26. Rb1 Qc3 27. Rb8 Qd4 28. Qf3 Rc7 29. Rb3 Qa7 30. g4 h6 31. Kg2 Rb7 32. Rb5 Bd7 33. Nf5+ Bxf5 34. exf5 Rc7 35. h4 Qd4 36. g5 hxg5 37. hxg5 Nh5 38. Qxh5 Qxd3 39. Qf3 Qxc4 40. f6+ gxf6 41. Qxf6+ Kd7 42. Rb8 Qd5+ 43. Kh2 Kc6 44. Qf5 Qc4 45. Rb2 Qf4+ 46. Qxf4 exf4 47. Rc2+ Kd7 48. Rxc7+ Kxc7 49. Kg2 d5 50. Kf3 Kd6 51. Kxf4 Ke6 52. Kg4 d4 53. Kf4 Kd5 54. Kf3 Ke5 55. Kg4 Ke4 0-1

[Event "Florianopolis zt 2.4"]
[Site "Florianopolis"]
[Date "2017.05.01"]
[Round "9"]
[White "Goncalves, Ivan Mesquita V"]
[Black "Souza, Rafael Cabral de"]
[Result "1-0"]
[WhiteElo "2225"]
[BlackElo "2154"]
[PlyCount "137"]
[EventDate "2017.04.26"]
[EventType "swiss"]
[EventRounds "9"]
[EventCountry "BRA"]
[SourceTitle "CBM 178 Extra"]
[Source "ChessBase"]
[SourceDate "2017.06.22"]
[SourceVersion "1"]
[SourceVersionDate "2017.06.22"]
[SourceQuality "1"]

1. d4 Nf6 2. Nf3 g6 3. c4 Bg7 4. g3 0-0 5. Bg2 d6 6. 0-0 c6 7. Nc3 Qa5 8. Nd2 e5 9. d5 cxd5 10. Nxd5 Nc6 11. Nxf6+ Bxf6 12. Ne4 Be7 13. Nc3 Be6 14. Nd5 Bd8 15. a4 Bxd5 16. Qxd5 Be7 17. Bd2 Qxd5 18. Bxd5 Nd4 19. Rae1 Kg7 20. b4 Rab8 21. Bc3 f5 22. e3 Nc6 23. b5 Nd8 24. f4 Bf6 25. Bb4 Nf7 26. Bxf7 Rxf7 27. Bxd6 Re8 28. c5 Rd7 29. Rd1 exf4 30. Bf8+ Kxf8 31. Rxd7 fxe3 32. Re1 g5 33. Kg2 Re4 34. Rd5 Be5 35. Kf3 g4+ 36. Ke2 Ke7 37. Rc1 Ke6 38. Rd3 Rxa4 39. c6 bxc6 40. bxc6 Bc7 41. Rxe3+ Kf6 42. Rc2 h5 43. Re8 f4 44. gxf4 Kf5 45. Rc8 Re4+ 46. Kd3 Re7 47. Ra2 Bxf4 48. Rf2 Re3+ 49. Kd4 Rf3 50. Re2 g3 51. hxg3 Bxg3 52. c7 Bxc7 53. Rxc7 Kg6 54. Rg2+ Kf6 55. Rxa7 h4 56. Ra5 Rb3 57. Rc2 Rb6 58. Rh5 Kg6 59. Rxh4 Rb4+ 60. Rc4 Rb1 61. Kd5 Kg5 62. Rhd4 Kf5 63. Rc5 Rb6 64. Kc4+ Kg6 65. Rdd5 Rf6 66. Rg5+ Kh6 67. Rh5+ Kg6 68. Rcg5+ Kf7 69. Rf5 1-0

[Event "Florianopolis zt 2.4"]
[Site "Florianopolis"]
[Date "2017.04.28"]
[Round "4"]
[White "Cori, Jorge Moise"]
[Black "Goncalves, Ivan Mesquita V"]
[Result "1/2-1/2"]
[WhiteElo "2611"]
[BlackElo "2225"]
[PlyCount "86"]
[EventDate "2017.04.26"]
[EventType "swiss"]
[EventRounds "9"]
[EventCountry "BRA"]
[SourceTitle "CBM 178 Extra"]
[Source "ChessBase"]
[SourceDate "2017.06.22"]
[SourceVersion "1"]
[SourceVersionDate "2017.06.22"]
[SourceQuality "1"]

1. c4 e6 2. Nc3 d5 3. d4 a6 4. cxd5 exd5 5. Bf4 c6 6. e3 Bd6 7. Bxd6 Qxd6 8. Bd3 Ne7 9. Qc2 g6 10. Nf3 Bf5 11. Bxf5 Nxf5 12. 0-0-0 Nd7 13. e4 Qf4+ 14. Kb1 dxe4 15. Rhe1 0-0 16. Rxe4 Qh6 17. d5 Nf6 18. Rb4 Nxd5 19. Nxd5 cxd5 20. Rxb7 Rad8 21. Qd3 Nd6 22. Rb6 Ne4 23. Qd4 Qf4 24. Rxa6 Qg4 25. Rg1 Qf5 26. Ka1 Rc8 27. Ra5 Rfd8 28. a3 Rc2 29. Re1 Rdc8 30. Qe3 Qf6 31. Rb1 Nc3 32. bxc3 R2xc3 33. Qd4 Rxf3 34. Qxf6 Rxf6 35. Rxd5 Rxf2 36. Rb2 Rc1+ 37. Ka2 Rff1 38. a4 Ra1+ 39. Kb3 Rad1 40. Ra5 Rfe1 41. Ra8+ Kg7 42. Rc2 Re4 43. Ra7 Rd3+ 1/2-1/2